| 000 | 01538nmm a2200385 i 4500 | ||
|---|---|---|---|
| 001 | 195432 | ||
| 003 | SpMaBN | ||
| 005 | 20250828001649.0 | ||
| 007 | co*cga|||||||| | ||
| 008 | 240612s2009 sp q m spa | ||
| 017 |
_aM 3262-2009 _bOficina Depósito Legal Madrid |
||
| 022 | _a0210-0630 | ||
| 035 | _a(OCoLC)890287671 | ||
| 035 | _aa5521422 | ||
| 040 |
_aSpMaBN _bspa _cSpMaBN _erdc _dES-MaACL |
||
| 080 | _a504:37.03 | ||
| 100 | 1 |
_aGarcía Ferreiro, Teresa _0XX1037345 _9236952 |
|
| 245 | 1 | 0 |
_aEducación ambiental _h[Recurso Electrónico] / _cTeresa García Ferreiro, Dalia Monge Suárez. |
| 260 |
_a[Madrid] : _bWolters Kluwer España, _c2009. |
||
| 300 |
_a1 disco compacto (CD-ROM) : _bson., col. ; _c12 cm |
||
| 336 |
_aMúltiples formas del contenido _2isbdcontent |
||
| 337 |
_aelectrónico _2isbdmedia |
||
| 338 |
_2rdacarrier _avolumen |
||
| 490 | 1 | _aCuadernos de Pedagogía | |
| 500 | _aDistribuido con la revista Cuadernos de Pedagogía. | ||
| 538 | _aRequisitos del sistema: Windows 9x/NT; Internet Explorer 5.5 o superior; Procesador Pentium; memoria RAM 64 MB; resolución de pantalla 1024x768 a color verdadero | ||
| 594 | _aTítulo tomado de la etiqueta | ||
| 650 | 7 |
_aEducación ambiental _2embne _912086 |
|
| 700 | 1 |
_aMonge Suárez, Dalia _9236953 |
|
| 830 |
_9183997 _aCuadernos de pedagogía (CD-ROM) |
||
| 852 |
_aES-MaACL _cROT _jROT 6/3/7 _9203455 |
||
| 942 |
_2udc _cCDROM _n0 |
||
| 999 |
_c195432 _d195432 |
||